000 00717nam a2200193 4500
999 _c19761
_d19761
008 240319b ||||| |||| 00| 0 eng d
020 _a0138117616
082 _aDC 428.34
_bM73 1989
100 _aMolinsky, Steven J.
_955031
245 _aSide by side /
_cSteven J. Molinsky and Bill Bliss.
250 _aSecond edition.
260 _aNew Jersey :
_bPrentice Hall Regents,
_c©1989.
300 _a140 pages :
_billustrations (some color) :
_c27 cm.
500 _aIncludes appendices, glossary and index.
650 _aEnglish language
_xConversation and phrase books.
_955032
650 _aEnglish language
_xTextbooks for foreign speakers.
_955033
700 _aBliss, Bill
_eauthor.
_955034
942 _2ddc
_cDC